| 000 | 01109nam a22003377a 4500 | ||
|---|---|---|---|
| 003 | CHAP | ||
| 005 | 20220329143318.0 | ||
| 008 | 080514d2001 us ad r 00110 eng d | ||
| 010 | _a94805 | ||
| 011 | _a95777 | ||
| 020 | _a9780072354676 | ||
| 035 | _a106408 | ||
| 040 | _cCHAP | ||
| 082 | 0 | 4 |
_a620.8 _bR8 |
| 100 | 1 |
_aRubin, Edward S. _9100456 |
|
| 245 | 1 | 0 |
_aIntroduction to engineering and the environment _c/por Edward S. Rubin |
| 260 |
_aNew York : _bMcGraw-Hill, _c2001 |
||
| 300 |
_axiii, 696 p. : _bilus. ; gráfs. ; cuadros |
||
| 590 |
_aBATCH-UPD _b10 _c20130110 _lUCH01 _h0505 |
||
| 590 |
_aBATCH-UPD _b10 _c20130410 _lUCH01 _h0142 |
||
| 590 |
_aBATCH-UPD _b10 _c20130914 _lUCH01 _h1307 |
||
| 590 |
_aCONVERSION _b10 _c20130109 _lUCH01 _h1352 |
||
| 650 | 1 | 4 |
_aEnergía eléctrica. _936901 |
| 650 | 1 | 4 |
_aEnergía eólica. _936903 |
| 650 | 1 | 4 |
_aIngeniería ambiental. _958207 |
| 650 | 1 | 4 |
_aIngeniería mecánica _xMaquinaria. _958266 |
| 650 | 1 | 4 |
_aMedio ambiente. _974065 |
| 901 | _aBK | ||
| 942 | _cLIBRO | ||
| 949 |
_a620.8 R8 _bBC _cLIBRO _d33724002046545 _eLIBRO _gI.c/e. _h109498 _i106408 _si _t$1.187.50 |
||
| 999 |
_c94805 _d94805 |
||